| 000 | 00936nam a2200289Ia 4500 | ||
|---|---|---|---|
| 003 | GCL | ||
| 008 | 140319s9999 xx 000 0 ara d | ||
| 040 |
_aGCL / _cGCL |
||
| 082 | 0 | 4 |
_a935 _bم م |
| 100 | 1 | _aمحمد ابوالمحاسن عصفور | |
| 245 | 1 | 0 |
_aمعالم تاريخ الشرق الادنى القديم من اقدم العصور الى مجىء الاسكندر / _cمحمد ابوالمحاسن عصفور |
| 260 |
_a[S.N] : _bدار النهضة العربية |
||
| 300 | _a454 ص | ||
| 490 | _a | ||
| 650 | 0 | 4 | _aتاريخ |
| 650 | 0 | 4 | _aالحضارة |
| 650 | 0 | 4 | _aمصر القديمة |
| 650 | 0 | 4 | _aالفرس |
| 650 | 0 | 4 | _aالفينيقيون |
| 650 | 0 | 4 | _aالبابليون |
| 650 | 0 | 4 | _aالاشوريون |
| 650 | 0 | 4 | _aالشرق القديم |
| 650 | 0 | 4 | _aالحيثيون |
| 650 | 0 | 4 | _aالعراق القديم - تاريخ |
| 650 | 0 | 4 | _aالكنعانيون |
| 942 |
_2ddc _cBK |
||
| 999 |
_c37509 _d37509 |
||